000 00998nam a2200229Ia 4500
003 GCL
008 140319s9999 xx 000 0 ara d
020 _a4035981977
040 _aGCL /
_cGCL
082 0 4 _a378
_bب م
245 1 0 _aبناء مجتمعات المعرفة : التحديات الجديدة التى تواجه التعليم العالى
260 _aالقاهرة :
_bمركز معلومات قراء الشرق الاوسط ،
_c2003
300 _a195 ص ؛
_c24 سم
650 0 4 _aالتعليم العالى
650 0 4 _aالتعليم العالى - الجوانب الاقتصادية
650 0 4 _aالتعليم العالى - الجوانب الاجتماعية
650 0 4 _aالتعليم العالى - التخطيط التربوى
650 0 4 _aالتعليم العالى - اغراضة واهدافه
650 0 4 _aالتعليم العالى - العلاقات الثقافية
650 0 4 _aالبنك الدولى - تقارير
942 _2ddc
_cBK
999 _c57851
_d57851